000 01051nam a2200265 a 4500
001 40135
003 BD-RjUL
005 20211209053138.0
008 160423q bg ||||| |||| 00| 0 ben d
020 _c: Tk. 4.00
035 _a(BD-RjUL) 40250
040 _aBD-RjUL
_bben
_cBD-RjUL
041 _aben
082 _223
_a891.4391
_bIQA 1967
100 _aইকবাল
_9123582
245 1 0 _aআসরারে খুদী /
_cইকবাল ; সৈয়দ আবদুর মান্নান, তরজমা
260 _aঢাকা :
_bতমদ্দুন পাবলিকেশন্স,
_c১৯৬৭
300 _a১৯৫ পৃ. ;
_c২১ সেমি.
600 _aইকবার, মুহম্মদ
_cজনাব
_d১৮৭৭-১৯৩৮
_9123583
600 _aIqbal, Muhammad
_cSir
_d1877-1938
_9123591
650 _aউর্দূ কবিতা
_9123540
650 _aUrdu Poetry
_9123541
700 _aমান্নান, সৈয়দ আবদুর, তরজমা
_9123585
942 _2ddc
_cBK
_02
999 _c40135
_d40135